[Event "HUN-ch U18"]
[Site "Eger"]
[Date "2021.08.25"]
[Round "4"]
[White "Szalovszky, Viktoria"]
[Black "Koltai, Dora"]
[Result "1-0"]
[WhiteElo "1584"]
[BlackElo "1897"]
[PlyCount "127"]
[EventDate "2021.08.20"]
[EventType "swiss"]
[EventRounds "7"]
[EventCountry "HUN"]
[SourceTitle "EXT 2022"]
[Source "ChessBase"]
[SourceDate "2021.10.06"]
[SourceVersion "1"]
[SourceVersionDate "2021.10.06"]
[SourceQuality "1"]

1. e4 e5 2. Nc3 Nf6 3. Bc4 Nc6 4. d3 Na5 5. Bb3 Nxb3 6. axb3 d5 7. Bg5 dxe4 8. dxe4 Qxd1+ 9. Rxd1 Bb4 10. f3 Be6 11. Nge2 0-0 12. Be3 c6 13. 0-0 b5 14. Nc1 Nd7 15. Nd3 Be7 16. g4 h6 17. h3 f6 18. Rd2 Rfd8 19. Rfd1 a6 20. b4 a5 21. bxa5 b4 22. Na4 Rdb8 23. Nac5 Nf8 24. Ra1 Rb5 25. a6 Bc8 26. a7 Ne6 27. Nxe6 Bxe6 28. Ra6 Bc8 29. Rxc6 Bb7 30. Rb6 Rxb6 31. Bxb6 Rc8 32. Kg2 Kf7 33. b3 Ke8 34. Ba5 Ra8 35. Bxb4 Rxa7 36. Kf2 Bc6 37. Ke2 Bb5 38. c4 Bc6 39. Rb2 Bd8 40. Bc5 Ra1 41. h4 Rh1 42. h5 Kd7 43. Ra2 Bc7 44. Ra7 Kc8 45. Nb4 Bb7 46. Nd5 Rb1 47. b4 Rb2+ 48. Kd3 Rb3+ 49. Nc3 Rb2 50. Ra2 Rxa2 51. Nxa2 Kd7 52. Bf8 Bd6 53. Bxg7 Ba6 54. b5 Bc8 55. Bxh6 Ke7 56. Nc3 Be6 57. Be3 Kd7 58. c5 Be7 59. Nd5 Bd8 60. h6 Bg8 61. Kc4 Kc8 62. c6 Ba5 63. Kc5 Bd8 64. b6 1-0

[Event "HUN-ch U18 Girls"]
[Site "Budapest"]
[Date "2020.10.29"]
[Round "8"]
[White "Szalovszky, Viktoria"]
[Black "Toth, Kincso"]
[Result "1/2-1/2"]
[WhiteElo "1467"]
[BlackElo "1582"]
[PlyCount "101"]
[EventDate "2020.10.24"]
[EventType "tourn"]
[EventRounds "10"]
[EventCountry "HUN"]
[SourceTitle "CBM 199 Extra"]
[Source "ChessBase"]
[SourceDate "2021.01.31"]
[SourceVersion "1"]
[SourceVersionDate "2021.01.31"]
[SourceQuality "1"]

1. e4 c5 2. Nf3 Nc6 3. g3 e5 4. Bg2 Nf6 5. d3 d6 6. 0-0 Be7 7. h3 Bd7 8. b3 0-0 9. Bb2 a6 10. c4 b5 11. Nc3 Rb8 12. Nd5 Nxd5 13. cxd5 Nd4 14. Nxd4 cxd4 15. f4 f5 16. Kh2 Qe8 17. Qd2 b4 18. Rac1 Rb7 19. exf5 Bf6 20. Be4 h6 21. Qg2 Ra7 22. Rc2 a5 23. Bc1 a4 24. g4 axb3 25. axb3 exf4 26. Bxf4 Be5 27. Bxe5 dxe5 28. Rc5 Ra3 29. Rb1 Qe7 30. Rc7 Qd6 31. Qc2 Ra2 32. Qxa2 Qxc7 33. Qd2 Rc8 34. Kg3 Qc5 35. Qf2 Bb5 36. f6 Rf8 37. Qf5 Rxf6 38. Qxe5 Bd7 39. Ra1 Rf8 40. Ra6 Qc1 41. Qxd4 Qe1+ 42. Kh2 Qd2+ 43. Kg3 Qf4+ 44. Kg2 Qf1+ 45. Kg3 Qe1+ 46. Kh2 Qd2+ 47. Kg3 Qe1+ 48. Kh2 Qd2+ 49. Kg3 Qe1+ 50. Kh2 Qd2+ 51. Kg3 1/2-1/2

[Event "HUN-ch U14 Girls"]
[Site "Balatonlelle"]
[Date "2016.06.30"]
[Round "9"]
[White "Dan, Anna"]
[Black "Szalovszky, Viktoria"]
[Result "1-0"]
[WhiteElo "1392"]
[BlackElo "1256"]
[PlyCount "79"]
[EventDate "2016.06.24"]
[EventType "tourn"]
[EventRounds "9"]
[EventCountry "HUN"]
[SourceTitle "CBM 173 Extra"]
[Source "ChessBase"]
[SourceDate "2016.08.29"]
[SourceVersion "1"]
[SourceVersionDate "2016.08.29"]
[SourceQuality "1"]

1. Nf3 d5 2. g3 Nf6 3. Bg2 g6 4. 0-0 Bg7 5. c4 0-0 6. d3 dxc4 7. dxc4 Nc6 8. Nc3 Nh5 9. Bd2 Bxc3 10. Bxc3 f6 11. Nd4 Nxd4 12. Bxd4 c6 13. h3 Qd7 14. Qd3 Rd8 15. Rad1 e5 16. Bc3 Qxd3 17. Rxd3 Be6 18. Rfd1 Rxd3 19. exd3 Rd8 20. b3 a6 21. d4 exd4 22. Rxd4 Rxd4 23. Bxd4 Kf7 24. h4 Ng7 25. Kf1 f5 26. Ke2 Ne8 27. Kd3 Ke7 28. a3 Kd7 29. b4 b5 30. cxb5 axb5 31. Bh3 Bc4+ 32. Kc3 h5 33. a4 Nd6 34. a5 Kc7 35. Be5 Kd7 36. Bd4 Bd5 37. Be3 Ne4+ 38. Kd4 Nd6 39. Bf1 Nf7 40. Bxb5 1-0